000 00737nam a2200205 a 4500
008 120416s1989 ||||||||||||||||| || u
020 _a0538071257
050 _aTS 155 Fog
100 _aFogarty, Donald W
245 1 0 _aProduction and operations management
260 _aCincinnati :
_bSouth-western Pub. Co
_c1989
300 _axiv, 825p. : ill.
350 _a0.00
650 0 _aPRODUCTION MANAGEMENT
650 _aPRODUCTION
700 _aHoffmann, Thomas Russell, 1933-
700 _aStonebraker, Peter W., 1942-
710 _aAmerican Production and Inventory Control Society
995 _D0.00
_FCBU-MAIN LIBRARY (Kitwe)
_H1
_I18.95
_UDAMAGED
_ZMain Library Open Access Collection
999 _c54881
_d54881